1892 1508 1785 1476 1134 1406 1985 1697 1227 1471 1752 1417 1827 1742 1820 1751 1208 1208 1997 1608 1131 1472 1842 1609 1444 1041 1807 1591 1060 1573 1315 1592 1583 1517 1484 1712 1138 1732 1353 1049 1420 1993 1551 1860 1917 1492 1758 1755 1885 1920 1397 1985 1816 1517 1056 1965 1658 1703 1540 1820 1996 1688 1395 1093 1716 1649 1644 1649 1349 1628 1732 1881 1550 1598 1146 1546 1729 1895 1677 1404 1000 1505 1686 1103 1319 1440 1324 1440 1905 1964 1455 1192 1744 1308 1073 1813 1766 1718 1471 BCNSPRNW ULIB Ver.6.0+V

เปลี่ยนเป็นภาษาไทย

Change to English
 แสดงรายละเอียดบรรณานุกรม
  กลับหน้าหลัก

Brief Record : Get Marc (ISO 2709) : E-mail record : QR code < ปิดหน้าต่าง
LEADER : 00000nam 2200000uu 4500
001    13399120096
003     ULIB
008    120830s2544||||th 000 0 tha d
020    9742940932
020    9789742940935
060 04 ^aWC100^bว562ป
100 0  ^aวิชัย โชควิวัฒน
245 10 ^aปริทัศน์โรคติดต่อ /^cวิชัย โชควิวัฒน
250    ^aพิมพ์ครั้งที่ 1
260    ^aนนทบุรี :^bโครงการสวัสดิการ สถาบันพระบรมราชชนก,^c2544
300    ^a214 หน้า :^bภาพประกอบ ;^c26 ซม.
500    ^aโครงการสวัสดิการวิชาการ สถาบันพระบรมราชชนกกระทรวงศึกษาธิการ
650  7 ^aโรคติดต่อ
650  7 ^aโรคติดต่อ, การควบคุม
710 2  ^aสถาบันพระบรมราชชนก. ^bโครงการสวัสดิการวิชาการ
945    ^p180^l0^i19347
945    ^p180^l0^i19348
945    ^p180^l0^i19349
995    ^aทศพร
999    ^aทศพร เกษรทอง
รายการนี้ยังไม่มีแท็ก
คุณยังไม่ได้ล็อกอิน คุณสามารถมีกิจกรรมร่วมกับเว็บไซต์ได้ แต่ต้องล็อกอินก่อน ::
  ล็อกอิน

รายการสื่อสารสนเทศ

ลำดับที่ ประเภท เลขเรียก/บาร์โค้ด สถานที่ สถานะ
- ไม่พบข้อมูล -

รายการใกล้เคียง
    ผู้แต่ง [วิชัย โชควิวัฒน]

    หัวเรื่อง [โรคติดต่อ]
    หัวเรื่อง [โรคติดต่อ, การควบคุม]

BibComment


ยังไม่เคยถูกคอมเมนท์

คอมเมนท์ทรัพยากรรายการนี้
  คอมเมนท์: ปริทัศน์โรคติดต่..


 Copyright 2026. Bcnsprnw @Library